Never Gandhi not agian : (Record no. 128596)

MARC details
000 -LEADER
fixed length control field 00626nam a22002177a 4500
005 - DATE AND TIME OF LATEST TRANSACTION
control field 20170124110042.0
010 ## - LIBRARY OF CONGRESS CONTROL NUMBER
LC control number A-953394
020 ## - INTERNATIONAL STANDARD BOOK NUMBER
Terms of availability 00.00
035 ## - SYSTEM CONTROL NUMBER
System control number A-953394
037 ## - SOURCE OF ACQUISITION
Source of stock number/acquisition Cen Lib/Ret
040 ## - CATALOGING SOURCE
Original cataloging agency DPL
Language of cataloging EN
082 ## - DEWEY DECIMAL CLASSIFICATION NUMBER
Classification number 881
Item number SEI
100 ## - MAIN ENTRY--PERSONAL NAME
Personal name Saigal, Omesh
9 (RLIN) 23868
245 ## - TITLE STATEMENT
Title Never Gandhi not agian :
Statement of responsibility, etc by Omesh Saigal
Remainder of title song of Matama Gandhi /
260 ## - PUBLICATION, DISTRIBUTION, ETC. (IMPRINT)
Place of publication, distribution, etc New Delhi
Name of publisher, distributor, etc Full cirlce
Date of publication, distribution, etc 1997
270 ## - ADDRESS
Address 18-19, Dilashad Garden
City New Delhi
Postal code 110095
300 ## - PHYSICAL DESCRIPTION
Extent 138p.:
Dimensions 21cm(Hb)
Other physical details ill.
650 ## - SUBJECT ADDED ENTRY--TOPICAL TERM
Topical term or geographic name as entry element Literature
9 (RLIN) 6262
650 ## - SUBJECT ADDED ENTRY--TOPICAL TERM
Topical term or geographic name as entry element India poetry
9 (RLIN) 23869
942 ## - ADDED ENTRY ELEMENTS (KOHA)
Source of classification or shelving scheme Dewey Decimal Classification
Koha item type English Books
Classification part 881
Call number suffix SEI
Holdings
Withdrawn status Lost status Damaged status Not for loan Home library Current library Date acquired Source of acquisition Cost, normal purchase price Total Checkouts Full call number Barcode Date last seen Copy number Cost, replacement price Price effective from Koha item type
        Central Library Central Library 03/07/2015 Cen Lib/Ret 0.00   881 SEI A-953394 03/07/2015 1 0.00 03/07/2015 English Books

© Delhi Public Library
Hit Counter
free hit counter